Visualizzazione normale
Vista MARC
- Garinei Pietro
di Personal Name
Records bibliografici associati: 1
001 - CONTROL NUMBER
- control field: 3717
003 - CONTROL NUMBER IDENTIFIER
- control field: IT-RoPau
005 - DATE AND TIME OF LATEST TRANSACTION
- control field: 20131126092805.0
008 - FIXED-LENGTH DATA ELEMENTS
- fixed length control field: 131126|| aca||aabn | a|a d
040 ## - CATALOGING SOURCE
- Original cataloging agency: IT-RoPau
- Transcribing agency: IT-RoPau
100 ## - HEADING--PERSONAL NAME
- Personal name: Garinei Pietro
- Dates associated with a name: Codice autore testo/musica SPICS: 13576
- Relator term: Autore testo/musica
- Name of part/section of a work: Questo si chiama amore - Un amore come dico io
670 ## - SOURCE DATA FOUND
- Source citation: Work cat.: (IT-RoPau)100032: AA.VV. 794, Musical all'italiana (Il)